[Event "11th North American FIDE Inv"]
[Site "Chicago USA"]
[Date "2008.05.21"]
[Round "7"]
[White "Loncarevic,R"]
[Black "Young,A PHI"]
[Result "1-0"]
[WhiteElo "2095"]
[BlackElo "2381"]

1.e4 e6 2.d4 d5 3.Nc3 Bb4 4.e5 b6 5.a3 Bxc3+ 6.bxc3 Qd7 7.Nh3 Ba6 8.Bxa6 Nxa6
9.Qd3 Nb8 10.Nf4 Nc6 11.Nh5 g6 12.Bh6 O-O-O 13.Bg7 gxh5 14.Bxh8 Nge7 15.Bf6 Rg8
16.Qxh7 Rxg2 17.Kf1 Rg8 18.Qxf7 Re8 19.a4 Nf5 20.Qxd7+ Kxd7 21.Rg1 Na5 22.Rg5 Nc4
23.Ke2 h4 24.Rh5 Rg8 25.Rh7+ Kc6 26.Bxh4 Rg4 27.Bd8 Rg7 28.Rxg7 Nxg7 29.Rg1 Nf5
30.h4 a5 31.Bg5 Nb2 32.Ra1 Ng7 33.Kf3 Kd7 34.Kg4 Ke8 35.h5 Nf5 36.h6 Kf7
37.h7 Kg7 38.Rh1  1-0

[Event "Doroshkevich mem"]
[Site "Maykop RUS"]
[Date "2008.05.24"]
[Round "1"]
[White "Petrova,O"]
[Black "Pushkov,N"]
[Result "1/2-1/2"]
[WhiteElo "2110"]
[BlackElo "2513"]

1.e4 e6 2.d4 d5 3.Nc3 Bb4 4.e5 Qd7 5.f4 Nh6 6.Nf3 b6 7.a3 Bxc3+ 8.bxc3 Qa4
9.Bd3 Ba6 10.O-O c5 11.Be3 Bxd3 12.cxd3 Qxd1 13.Rfxd1 Nf5 14.Bf2 cxd4 15.Nxd4 Nxd4
16.Bxd4 Nc6 17.Bf2 Rc8 18.Rab1 Na5 19.Bd4 Ke7 20.Kf2 Rc7 21.Ke3 Rhc8 22.Rdc1 f6
23.Kd2 Nc6 24.exf6+ gxf6 25.Bf2 Rg8 26.Rg1 h5 27.h3 f5 28.Rbe1 Kd6 29.Re2 b5
30.Rge1 Rg6 31.Rb1 a6 32.a4 d4 33.Bxd4 Nxd4 34.cxd4 Rb7 35.axb5 axb5 36.Ke1 Rg3
37.Rb3 h4 38.Kf1 Rg8 39.Rb4 Rg3 40.Rb3 Rg6 41.Rb4 Rg3 42.Rb3 Kd5 43.Re5+ Kxd4
44.Rxe6 b4 45.Kf2 Rbg7 46.Rxb4+ Kc3 47.Rc4+ Kxd3 48.Ra4 Rxg2+ 49.Kf1 Rg1+
50.Kf2 R7g2+ 51.Kf3 Rg3+ 52.Kf2 R1g2+ 53.Kf1 Rc2 54.Ra3+ Rc3 55.Rxc3+ Kxc3
56.Kf2 Kd4 57.Re5 Rxh3 58.Rxf5 Ke4 59.Rf8  1/2-1/2

[Event "XXX Nezhmetdinov Mem"]
[Site "Kazan RUS"]
[Date "2008.06.02"]
[Round "2"]
[White "Shaposhnikov,E"]
[Black "Skomorokhin,R"]
[Result "1-0"]
[WhiteElo "2553"]
[BlackElo "2378"]

1.e4 e6 2.d4 d5 3.Nc3 Bb4 4.e5 Ne7 5.a3 Bxc3+ 6.bxc3 b6 7.Qg4 Ng6 8.h4 h5
9.Qd1 Ba6 10.Bxa6 Nxa6 11.Bg5 Qd7 12.Ne2 Qc6 13.f4 Nb8 14.O-O Nd7 15.Qd3 Qc4
16.Qe3 Ngf8 17.f5 Rh7 18.Nf4 Qc6 19.Qf3 g6 20.fxe6 fxe6 21.Ne2 Qa4 22.Rf2 Rc8
23.Raf1 c5 24.Qf4 cxd4 25.Bh6 Rxh6 26.Qxh6 Qxa3 27.Nxd4 a6 28.Qg7 Rxc3 29.Qg8 Qe7
30.Nxe6 Qxe6 31.Rxf8+  1-0

[Event "Mitropa Cup m"]
[Site "Olbia ITA"]
[Date "2008.06.03"]
[Round "9"]
[White "Saric,Iv"]
[Black "Huss,A"]
[Result "0-1"]
[WhiteElo "2500"]
[BlackElo "2380"]

1.e4 e6 2.d4 d5 3.Nc3 Bb4 4.e5 b6 5.a3 Bxc3+ 6.bxc3 Qd7 7.Qg4 f5 8.Qg3 Ba6
9.Bxa6 Nxa6 10.Ne2 Kf7 11.Nf4 Ne7 12.h4 Qa4 13.h5 h6 14.Ng6 Rhg8 15.Kd1 c5
16.Rh4 Qc4 17.a4 Rac8 18.Ke1 cxd4 19.Ba3 Nc6 20.Nh8+ Ke8 21.Nf7 Qxc3+ 22.Qxc3 dxc3
23.Nd6+ Kd7 24.Nxc8 Rxc8 25.Bd6 Nc5 26.Bxc5 bxc5 27.Rb1 Rc7 28.f4 Nb4 29.Kd1 d4
30.a5 Nd5 31.g3 Ne3+ 32.Kc1 c4 33.Rb4 Kc6 34.Rh1 Kc5 35.Rb8 d3 36.Rd8 d2+
37.Rxd2 cxd2+ 38.Kxd2 Nd5 39.Rb1 Kd4 40.Rb8 Ke4 41.Ke2 Rd7 42.Rc8 Nc3+  0-1

[Event "Alushta Summer-3"]
[Site "Alushta UKR"]
[Date "2008.06.04"]
[Round "2"]
[White "Chos,A"]
[Black "Matsegora,T"]
[Result "1-0"]
[WhiteElo "2406"]
[BlackElo "2207"]

1.e4 e6 2.d4 d5 3.Nc3 Bb4 4.e5 Qd7 5.a3 Bf8 6.f4 b6 7.Nf3 Ne7 8.b4 c6 9.Rb1 h5
10.Bd3 Nf5 11.O-O g6 12.a4 Be7 13.Ne2 Na6 14.b5 Nc7 15.Ng3 a6 16.Nxf5 gxf5
17.bxa6 b5 18.axb5 Nxb5 19.Qe1 Bxa6 20.Qg3 Kf8 21.Ra1 h4 22.Qe1 Kg7 23.Be3 Nc7
24.Ng5 Bxd3 25.Rxa8 Nxa8 26.cxd3 Nc7 27.h3 Nb5 28.Qf2 c5 29.Rc1 cxd4 30.Bxd4 Nxd4
31.Qxd4 Rc8 32.Qa1 Bc5+ 33.Rxc5 Rxc5 34.Qe1 Qa7 35.Kh2 Rc8 36.Qxh4 Rh8 37.Qg3 Kf8
38.Nf3 Qe3 39.Qg5 Qb6 40.Qf6 Rg8 41.Ng5 Rg7 42.h4 Rxg5 43.Qxg5 Qc7 44.h5 Qe7
45.h6 Qxg5 46.fxg5 Kg8 47.Kg3 Kh7 48.Kf4  1-0

[Event "XXX Nezhmetdinov Mem"]
[Site "Kazan RUS"]
[Date "2008.06.06"]
[Round "6"]
[White "Beliaev,Va"]
[Black "Afanasiev,D"]
[Result "1-0"]
[WhiteElo "2086"]
[BlackElo "2048"]

1.e4 e6 2.d4 d5 3.Nc3 Bb4 4.e5 Ne7 5.a3 Bxc3+ 6.bxc3 b6 7.Ne2 Ba6 8.Ng3 Bxf1
9.Rxf1 Nbc6 10.Nh5 Rg8 11.Bg5 Qc8 12.Qd3 Ng6 13.f4 h6 14.f5 exf5 15.Bxh6 gxh6
16.Nf6+ Kf8 17.Nxg8 Kxg8 18.Rxf5 Qe6 19.O-O-O Qe7 20.Rf6 Nd8 21.Rdf1 c6 22.e6 Nxe6
23.Rxf7 Qg5+ 24.Kb2 Rf8 25.h4 Qg4 26.R1f6 Nef4 27.Rxf4 Qe6 28.Rxf8+ Nxf8
29.Qg3+  1-0

[Event "XXX Nezhmetdinov Mem"]
[Site "Kazan RUS"]
[Date "2008.06.06"]
[Round "6"]
[White "Mikheev,S"]
[Black "Borisenko,An"]
[Result "1-0"]
[WhiteElo "2244"]
[BlackElo "2429"]

1.e4 e6 2.d4 d5 3.Nc3 Bb4 4.e5 Qd7 5.a3 Bxc3+ 6.bxc3 b6 7.h4 Ba6 8.Bxa6 Nxa6
9.Qd3 Nb8 10.h5 h6 11.Qg3 Kf8 12.Rh4 Ne7 13.Rf4 c5 14.a4 Nbc6 15.Ba3 Rc8
16.Nf3 Na5 17.Nh4 Kg8 18.dxc5 bxc5 19.Rd1 Qc7 20.Rg4 Rh7 21.Bc1 Nc4 22.Bf4 Qb8
23.Kf1 Rc6 24.Re1 Qf8 25.Bc1 Ra6 26.Rf4 Rxa4 27.Rf6 Kh8 28.Rf4 Qe8 29.Be3 Ra5
30.Rb1 Nxe5 31.Rxf7 Nxf7 32.Rb8 Nd8 33.Qd6 Nec6 34.Ng6+ Kg8 35.Qxc6 Kf7 36.Qc7+  1-0

[Event "XXX Nezhmetdinov Mem"]
[Site "Kazan RUS"]
[Date "2008.06.09"]
[Round "9"]
[White "Rodchenkov,S"]
[Black "Gubajdullin,M"]
[Result "1/2-1/2"]
[WhiteElo "2359"]
[BlackElo "1995"]

1.e4 e6 2.d4 d5 3.Nc3 Bb4 4.e5 b6 5.Qg4 g6 6.a3 Bf8 7.Bg5 Qd7 8.Nf3 h6 9.Bd2 Ba6
10.h4 Bxf1 11.Kxf1 h5 12.Qh3 Nh6 13.Bg5 Ng4 14.Nh2 Nh6 15.g4 Be7 16.Kg2 c5
17.dxc5 bxc5 18.Rad1 a6 19.Ne4 Qc6 20.Bxe7 Kxe7 21.Nf6 d4+ 22.Qf3 Qxf3+ 23.Kxf3 Nc6
24.Kf4 Ng8 25.Ne4 c4 26.Nf3 hxg4 27.Nxd4 Nxd4 28.Rxd4 Rb8 29.Rhd1 Kf8 30.Rd8+ Rxd8
31.Rxd8+ Kg7 32.Nf6  1/2-1/2

[Event "FSGM June"]
[Site "Budapest HUN"]
[Date "2008.06.14"]
[Round "8"]
[White "Liu Qingnan"]
[Black "Macak,S"]
[Result "1-0"]
[WhiteElo "2344"]
[BlackElo "2342"]

1.e4 e6 2.d4 d5 3.Nc3 Bb4 4.e5 Qd7 5.Nf3 b6 6.Bd2 Ne7 7.Ne2 Bxd2+ 8.Qxd2 Ba6
9.Nf4 Bxf1 10.Rxf1 h5 11.O-O-O Nbc6 12.Qe2 O-O-O 13.c3 Nf5 14.Qa6+ Kb8 15.b4 f6
16.Nd3 Ka8 17.Rfe1 Rhe8 18.Re2 Rb8 19.Rde1 h4 20.h3 fxe5 21.Nfxe5 Nxe5 22.Nxe5 Qd6
23.Kc2 Rf8 24.Qb5 Kb7 25.Qd7 Rbd8 26.Qxd6 Rxd6 27.Nf3 Rf6 28.Ng5 Rg6 29.f4 Kc8
30.Rxe6  1-0

[Event "FSGM June"]
[Site "Budapest HUN"]
[Date "2008.06.16"]
[Round "10"]
[White "Czebe,A"]
[Black "Macak,S"]
[Result "0-1"]
[WhiteElo "2513"]
[BlackElo "2342"]

1.e4 e6 2.d4 d5 3.Nc3 Bb4 4.e5 Qd7 5.Ne2 b6 6.Nf4 Ba6 7.Bxa6 Nxa6 8.O-O Nb8
9.Qf3 Nc6 10.Nce2 O-O-O 11.a3 Bf8 12.b4 f6 13.Nd3 Kb8 14.Bd2 fxe5 15.dxe5 Nh6
16.b5 Ne7 17.a4 Nhf5 18.g4 Nh4 19.Qg3 Nhg6 20.a5 h5 21.h3 hxg4 22.hxg4 Qxb5
23.Nd4 Qd7 24.Bg5 Re8 25.Rfb1 Nc6 26.c3 Nxd4 27.cxd4 Be7 28.Bxe7 Qxe7 29.f4 Rh4
30.Kg2 Reh8 31.Rg1 Rh2+ 32.Qxh2 Rxh2+ 33.Kxh2 Qh4+ 34.Kg2 Qxg4+ 35.Kf2 Qf5
36.Raf1 Nxf4 37.Nxf4 Qxf4+ 38.Ke2 Qe4+ 39.Kf2 Qc2+ 40.Ke3 Qc3+ 41.Kf4  0-1

[Event "Serbia Cup"]
[Site "Zlatibor SRB"]
[Date "2008.06.16"]
[Round "1"]
[White "Sarenac,D"]
[Black "Jovic,A"]
[Result "0-1"]
[WhiteElo "2168"]
[BlackElo "2381"]

1.e4 e6 2.d4 d5 3.Nc3 Bb4 4.e5 Ne7 5.a3 Bxc3+ 6.bxc3 c5 7.Qg4 Kf8 8.h4 Qa5
9.Bd2 Qa4 10.Rc1 Nbc6 11.Ne2 Nxe5 12.Qf4 Nc4 13.Rh3 e5 14.dxe5 Bxh3 15.gxh3 Ng6
16.Qf3 Nxd2 17.Kxd2 Qxh4 18.Qe3 b6 19.f4 Rd8 20.Bg2 d4 21.cxd4 cxd4 22.Qe4 Ke7
23.Rf1 Rhe8 24.Nxd4 Kf8 25.c3 Qe7 26.a4 Qc5 27.Qd3 Qa3 28.Bc6 Qb2+ 29.Kd1 Rxd4
30.Qxd4 Rc8 31.Rf3 Ne7 32.Bb7 Re8 33.Be4 g6 34.Rd3 Rc8 35.Re3 Qb3+ 36.Bc2 Qe6
37.Kc1 Rc4 38.Qd8+ Kg7 39.Bb3 Rc8 40.Qd1 Qc6 41.Kb2 Nf5 42.Rd3 Rc7 43.Qd2 b5
44.axb5 Qxb5 45.Rd5 Qb7 46.Qd3 Qc6 47.c4 Qb6 48.Qc3 Qf2+ 49.Qd2 Qg1 50.Qa5 Rb7
51.c5 Nd4 52.Rxd4 Qxd4+ 53.Qc3 Qxf4 54.c6 Rc7 55.e6+ f6 56.Qd3 Qe5+ 57.Ka2 Qa5+
58.Kb2 Qe5+ 59.Ka2 Qa5+ 60.Kb2 Re7 61.h4 Qe5+ 62.Ka2 Qc5 63.Qd8 a5 64.Bd5 h5
65.Bb3 Qa7 66.Qd6 Qc7 67.Qc5 Qd8 68.Ka3 Qc7 69.Bd5 Re8 70.Bb3 Rb8 71.Qd5 Qe7+
72.Ka2 Rc8 73.Qb5 Rc7 74.Bd5 Qb4 75.Qd3 Qxh4 76.Bc4 Qf2+ 77.Kb3 Qb6+ 78.Bb5 Qc5
79.Ka2 Re7 80.Qb3 Qf2+ 81.Ka3 Qe1 82.Bc4 Qa1+  0-1

[Event "Serbia Cup"]
[Site "Zlatibor SRB"]
[Date "2008.06.18"]
[Round "3"]
[White "Gosic,B"]
[Black "Jovic,A"]
[Result "1/2-1/2"]
[WhiteElo "2323"]
[BlackElo "2381"]

1.e4 e6 2.d4 d5 3.Nc3 Bb4 4.e5 Ne7 5.a3 Bxc3+ 6.bxc3 c5 7.a4 Nbc6 8.Nf3 Qa5
9.Bd2 Bd7 10.Bd3 c4 11.Be2 f6 12.exf6 gxf6 13.Nh4 O-O-O 14.f4 Ng6 15.Nf3 Nce7
16.Qb1 Nf5 17.Qb4 Qc7 18.g3 h5 19.a5 Nd6 20.Be3 Rde8 21.Rg1 Ne7 22.Nd2 Nc6
23.Qc5 Nf5 24.Bf2 Qd6 25.Qxd6 Nxd6 26.Bf3 e5 27.dxe5 fxe5 28.Bxd5 exf4+ 29.Kd1 Nb5
30.Nb1 Bg4+ 31.Kc1 Re2 32.Bxc4 Rxf2 33.Bxb5 f3 34.Nd2 Rxh2 35.a6 Rd8 36.axb7+ Kxb7
37.Nb3 Rg2 38.Rh1 Bf5 39.Bxc6+ Kxc6 40.Nd4+ Rxd4 41.cxd4 Rxc2+ 42.Kd1 Rg2
43.Rxh5 Bd3 44.Rxa7 f2 45.Rh6+ Kb5 46.Rb7+ Ka5 47.Ra7+ Kb5 48.Rb7+ Kc4 49.Rc7+ Kd5
50.Rd7+ Ke4 51.Re7+ Kd5 52.Rd7+ Ke4 53.Re7+ Kd5 54.Rd7+ Ke4 55.Re7+ Kf5 56.Rf7+ Kg5
57.Rhf6 Rg1+ 58.Kd2 f1=Q 59.Rxf1 Bxf1 60.Ke3 Bc4 61.Rc7 Be6 62.Rc5+ Bf5 63.d5 Rd1
64.g4 Rd3+ 65.Ke2 Kxg4 66.Rc4+ Kg5 67.Rc5 Kf4 68.Rc4+ Be4 69.Rc8 Rxd5 70.Rf8+ Bf5
71.Rf7 Rc5 72.Rf8 Rc2+ 73.Kd1 Rb2 74.Kc1 Rf2 75.Re8 Rc2+ 76.Kd1 Rh2 77.Rf8 Ke4
78.Kc1 Ke5 79.Rd8 Rc2+ 80.Kd1 Ra2 81.Ke1 Be4 82.Rd2 Ra7  1/2-1/2

[Event "8th TCh-Euro U18"]
[Site "Szeged HUN"]
[Date "2008.06.20"]
[Round "6"]
[White "Kotainy,J"]
[Black "Martinovic,Sa"]
[Result "0-1"]
[WhiteElo "2112"]
[BlackElo "2403"]

1.e4 e6 2.d4 d5 3.Nc3 Bb4 4.e5 b6 5.Bd2 Ne7 6.Bd3 Ba6 7.a3 Bxc3 8.bxc3 O-O
9.Nf3 Bxd3 10.cxd3 c5 11.dxc5 bxc5 12.O-O Nbc6 13.Qa4 Qa5 14.Qg4 Qa6 15.c4 Rab8
16.cxd5 exd5 17.Rfc1 Qxd3 18.Rxc5 Nxe5 19.Nxe5 Qxd2 20.Rac1 Rb2 21.Qf3 Qd4
22.Nd7 Rd8 23.Rc7 h6 24.g3 Qe4 25.Qxe4 dxe4 26.Nc5 Nd5 27.Rxa7 e3 28.fxe3 Nxe3
29.Rd7 Rdb8 30.Nd3 Rg2+ 31.Kh1 Rd2 32.Nc5 Rc2 33.Nd3 Rd2 34.Nc5 Ra2 35.Rb7 Rxb7
36.Nxb7 Rxa3 37.Re1 f5 38.Nd6 g5 39.Kg1 Kh7 40.h3 Rd3 41.Ne8 Nd5 42.Kf2 f4
43.gxf4 Nxf4 44.h4 gxh4 45.Re7+ Kg6 46.Rg7+ Kf5 47.Rf7+ Kg5 48.Rg7+ Kf5 49.Rf7+ Kg5
50.Rg7+ Ng6 51.Nc7 Kf6 52.Ne8+ Kf5 53.Rf7+ Kg5 54.Nf6 h3 55.Ne4+ Kg4 56.Kg1 Re3
57.Nf2+ Kg3 58.Nh1+ Kh4 59.Nf2 Ne5 60.Rf4+ Kg3 61.Re4 Nf3+ 62.Kh1 Ra3 63.Nd1 h2
64.Re3 Ra2 65.Re6 Rg2  0-1

[Event "Serbia Cup"]
[Site "Zlatibor SRB"]
[Date "2008.06.22"]
[Round "7"]
[White "Cabrilo,G"]
[Black "Mihic,B"]
[Result "1-0"]
[WhiteElo "2499"]
[BlackElo "2394"]

1.e4 e6 2.d4 d5 3.Nc3 Bb4 4.e5 Qd7 5.a3 Bxc3+ 6.bxc3 b6 7.Qg4 f5 8.Qg3 Ba6
9.Bxa6 Nxa6 10.Ne2 O-O-O 11.a4 Nb8 12.a5 b5 13.a6 c6 14.Ba3 Nxa6 15.Bd6 Kb7
16.Nf4 Nf6 17.f3 Ne8 18.Nd3 Qf7 19.O-O Ra8 20.Ra2 Nac7 21.Rfa1 a6 22.Qe1 Kc8
23.Nc5 Ra7 24.Nxa6 Nxd6 25.exd6  1-0

[Event "22th Open"]
[Site "Pula CRO"]
[Date "2008.06.24"]
[Round "5"]
[White "Hirneise,T"]
[Black "Saric,Ib"]
[Result "0-1"]
[WhiteElo "2382"]
[BlackElo "2548"]

1.e4 e6 2.d4 d5 3.Nc3 Bb4 4.e5 b6 5.a3 Bf8 6.Nf3 Ba6 7.Bxa6 Nxa6 8.Ne2 Qd7
9.h4 c5 10.c3 Nb8 11.h5 Nc6 12.h6 gxh6 13.Ng3 O-O-O 14.Nh5 cxd4 15.cxd4 Kb7
16.Bd2 Rc8 17.b4 Nce7 18.O-O Rc4 19.Bf4 Ng6 20.Qd2 N8e7 21.Rfd1 Nf5 22.Ng3 Nxg3
23.Bxg3 Ne7 24.Rac1 Nf5 25.Qd3 Qc6 26.Bf4 Rg8 27.Rxc4 dxc4 28.d5 cxd3 29.dxc6+ Kxc6
30.Rxd3 Be7 31.Bd2 Rd8 32.Rc3+ Kb7 33.Kf1 h5 34.Ke2 Rg8 35.g3 b5 36.Rd3 Rd8
37.Bg5 Rxd3 38.Kxd3 Bf8 39.Bd2 h6 40.Nd4 Nxd4 41.Kxd4 a5 42.Be1 Be7 43.f4 Kc6
44.Ke4 a4 45.Bf2 Bd8 46.Be1 f5+ 47.exf6 Bxf6 48.Kd3 Kd5  0-1

[Event "TCh-TUR"]
[Site "Kocaeli TUR"]
[Date "2008.06.29"]
[Round "10"]
[White "Ozcan,S"]
[Black "Sipahioglu,I"]
[Result "0-1"]
[WhiteElo "1874"]
[BlackElo "2006"]

1.e4 e6 2.d4 d5 3.Nc3 Bb4 4.e5 Qd7 5.Qg4 f5 6.Qg3 b6 7.a3 Bxc3+ 8.bxc3 Ba6
9.Bxa6 Nxa6 10.Ne2 O-O-O 11.a4 Nb8 12.a5 Nc6 13.Qd3 Nxa5 14.Qa6+ Kb8 15.Rxa5 bxa5
16.Ba3 c6 17.Qxa5 Ka8 18.Nc1 Rb8 19.Nb3 Rb5 20.Qa6 Nh6 21.Nc5 Rxc5 22.Bxc5 Rb8
23.O-O Nf7 24.Ra1 Rb7 25.g3 Ng5 26.Kg2 Ne4 27.Qa3 Nd2 28.Qc1 Nc4 29.Bb4 Qc7
30.Qg5 a5 31.Bd6 Qd7 32.Bb4 Rb5 33.Bf8 Rb7 34.Bb4 Kb8 35.Bxa5 Ra7 36.Rb1+ Rb7
37.Rxb7+ Kxb7 38.Bb4 Qf7 39.Qd8 f4 40.gxf4 Qg6+ 41.Qg5 Qxg5+ 42.fxg5 g6 43.f3 Ne3+
44.Kg3 Nxc2 45.Bc5 Ne3 46.Bb4 Kb6 47.Kf2 Nf5 48.Ke2 Kb5 49.Bc5 Kc4 50.Kd2 Nh4
51.f4 Nf5 52.Bd6 Nh4 53.h3 Ng2 54.f5 gxf5  0-1

[Event "Sparkassen Open"]
[Site "Dortmund GER"]
[Date "2008.07.03"]
[Round "6"]
[White "Langers,A"]
[Black "Beutelhoff,J"]
[Result "1-0"]
[WhiteElo "2203"]
[BlackElo "2139"]

1.e4 e6 2.d4 d5 3.Nc3 Bb4 4.e5 b6 5.f4 Ne7 6.Nf3 Ba6 7.Bxa6 Nxa6 8.Qd3 Nb8
9.O-O c5 10.Ne2 c4 11.Qd1 Nf5 12.c3 Bf8 13.g4 Nh4 14.Ng3 g6 15.Kh1 Nc6 16.f5 Nxf3
17.Qxf3 Qd7 18.fxe6 fxe6 19.Bg5 Bg7 20.Ne2 a6 21.Nf4 O-O 22.Qh3 Rf7 23.Rf3 Raf8
24.Raf1 b5 25.Kg2 b4 26.Bh6 Bxh6 27.Qxh6 bxc3 28.bxc3 Ne7 29.h4 Rb8 30.R1f2 Rg7
31.h5 gxh5 32.Nxh5 Rxg4+ 33.Kh3  1-0

[Event "World Open"]
[Site "Philadelphia USA"]
[Date "2008.07.03"]
[Round "3"]
[White "Hess,Ro"]
[Black "Yang,Dar"]
[Result "1-0"]
[WhiteElo "2484"]
[BlackElo "2116"]

1.e4 e6 2.d4 d5 3.Nc3 Bb4 4.e5 Ne7 5.a3 Bxc3+ 6.bxc3 c5 7.Nf3 Qa5 8.Bd2 Qa4
9.Qb1 a6 10.dxc5 Nd7 11.Bd3 Nxc5 12.O-O O-O 13.Be3 Qc6 14.Bxh7+ Kxh7 15.Qb4 Nd7
16.Qxe7 Qxc3 17.Qh4+ Kg8 18.Ng5 Qxc2 19.f4 f6 20.Nxe6 Re8 21.Rac1 Qe4 22.Nc7 Nxe5
23.Rce1 Bd7 24.Bf2 g5 25.Nxe8 Rxe8 26.fxg5 Qg6 27.Qd4  1-0

[Event "ch-BEL"]
[Site "Eupen BEL"]
[Date "2008.07.05"]
[Round "1"]
[White "Daels,M"]
[Black "Van Mechelen,J"]
[Result "0-1"]
[WhiteElo "2212"]
[BlackElo "2269"]

1.e4 e6 2.d4 d5 3.Nc3 Bb4 4.e5 b6 5.Qg4 Bf8 6.Bg5 Qd7 7.Nh3 Nc6 8.Rd1 h6
9.Bh4 h5 10.Qf3 Nge7 11.Bxe7 Bxe7 12.Nf4 g6 13.Nfxd5 exd5 14.Nxd5 Bb7 15.Nxe7 Qxe7
16.Ba6 Nxd4 17.Qxb7 Qxe5+ 18.Kf1 O-O 19.c3 Rfb8 20.cxd4 Qa5 21.Qc6 Qxa6+
22.Kg1 Qe2 23.Qc1 Re8 24.h4 Rad8 25.Rh3 Rd5 26.Rhd3 c5 27.R3d2 Qe4 28.g3 Rxd4
29.Rxd4 cxd4 30.Qc7 Qf3 31.Rf1 d3 32.Qxa7 d2 33.Qd7 Qe2 34.Kg2 Qxf1+ 35.Kxf1 Re1+  0-1

[Event "World Open"]
[Site "Philadelphia USA"]
[Date "2008.07.05"]
[Round "6"]
[White "Friedel,J"]
[Black "Jussupow,Ar"]
[Result "1/2-1/2"]
[WhiteElo "2524"]
[BlackElo "2587"]

1.e4 e6 2.d4 d5 3.Nc3 Bb4 4.e5 Ne7 5.a3 Bxc3+ 6.bxc3 c5 7.Qg4 O-O 8.Bd3 Nbc6
9.Nf3 f5 10.exf6 Rxf6 11.Bg5 e5 12.Qg3 Rxf3 13.gxf3 c4 14.Be2 Qa5 15.Bd2 Nf5
16.Qg5 exd4 17.cxd4 c3 18.Be3 Ncxd4 19.Bxd4 Nxd4 20.Rg1 g6 21.Qe5 Nxc2+ 22.Kd1 Nxa1
23.Qe8+  1/2-1/2

[Event "ch-BEL"]
[Site "Eupen BEL"]
[Date "2008.07.07"]
[Round "3"]
[White "Laurent,B"]
[Black "Van Mechelen,J"]
[Result "1-0"]
[WhiteElo "2339"]
[BlackElo "2269"]

1.e4 e6 2.d4 d5 3.Nc3 Bb4 4.e5 b6 5.a3 Bxc3+ 6.bxc3 Qd7 7.Qg4 f5 8.Qg3 Ba6
9.Bxa6 Nxa6 10.Ne2 O-O-O 11.a4 Nb8 12.a5 Kb7 13.O-O Nc6 14.axb6 cxb6 15.Nf4 Ka8
16.Ba3 Nh6 17.Ra2 Rhg8 18.Rfa1 g5 19.Nh5 Qf7 20.Nf6 Rg7 21.Qd3 Ng8 22.Qb5 Qb7
23.Nxg8 Rdxg8 24.Bd6 Na5 25.Bb4 Nc6 26.Ra6 Kb8 27.Bd6+ Kc8 28.c4 Nxd4 29.Qa4 Ne2+
30.Kf1 Nc3 31.Qa3 d4 32.c5 Nb5 33.Qb3 bxc5 34.Qxe6+ Qd7 35.Qd5 Nxd6 36.Qa8+ Kc7
37.exd6+ Qxd6 38.Qxa7+  1-0

[Event "60th ch-MNE"]
[Site "Cetinje MNE"]
[Date "2008.07.08"]
[Round "2"]
[White "Djukic,Ni"]
[Black "Drasko,M"]
[Result "1/2-1/2"]
[WhiteElo "2545"]
[BlackElo "2508"]

1.e4 e6 2.d4 d5 3.Nc3 Bb4 4.e5 Ne7 5.a3 Bxc3+ 6.bxc3 c5 7.Nf3 b6 8.Bb5+ Bd7
9.Bd3 Qc7 10.Bf4 Ba4 11.h4 Nd7 12.h5 h6 13.Qd2 a6 14.O-O Bb5  1/2-1/2

[Event "60th ch-MNE"]
[Site "Cetinje MNE"]
[Date "2008.07.12"]
[Round "6"]
[White "Ivanovic,B"]
[Black "Drasko,M"]
[Result "0-1"]
[WhiteElo "2436"]
[BlackElo "2508"]

1.e4 e6 2.d4 d5 3.Nc3 Bb4 4.e5 Ne7 5.a3 Bxc3+ 6.bxc3 c5 7.a4 Qc7 8.Nf3 b6
9.Bb5+ Bd7 10.Be2 Nbc6 11.O-O O-O 12.Nh4 Ng6 13.Nxg6 fxg6 14.Bg5 Rf7 15.Qd2 Rc8
16.h4 h6 17.Be3 Ne7 18.Bd3 Nf5 19.g3 Be8 20.Kg2 Qd8 21.f3 Rfc7 22.Bf2 cxd4
23.cxd4 g5 24.hxg5 Qxg5 25.Qxg5 hxg5 26.g4 Ne7 27.Be3 Bg6 28.Bxg5 Bxd3 29.cxd3 Nc6
30.Be3 Nb4 31.Rad1 Rc3 32.Kg3 Nxd3 33.a5 bxa5 34.Bd2 R3c4 35.Ra1 Rxd4 36.Be3 Rb4
37.Rxa5 Nxe5 38.Rxa7 d4 39.Bg5 Rb3 40.Ra5 Nf7 41.Bf4 d3 42.Re1 Rc6 43.Rh1 Rc8
44.Re1 Re8 45.g5 e5 46.Bc1 g6 47.Ra6 Kg7 48.Be3 Rc8 49.Ra7 Rc2 50.Bd4 d2
51.Bxe5+ Kf8 52.Ra8+ Ke7 53.Bf6+ Kd6 54.Ra6+ Kd5 55.Re7 Rxf3+ 56.Kg4 Rc4+
57.Kxf3 d1=Q+ 58.Ke3 Qe1+ 59.Kd3 Qf1+ 60.Ke3 Re4+ 61.Rxe4 Qe1+  0-1

[Event "XXIII Tadeusz Gniota Mem"]
[Site "Police POL"]
[Date "2008.07.13"]
[Round "6"]
[White "Tokarczyk,T"]
[Black "Oleniak,W"]
[Result "1-0"]
[WhiteElo "2146"]
[BlackElo "1890"]

1.e4 e6 2.d4 d5 3.Nc3 Bb4 4.e5 Ne7 5.a3 Bxc3+ 6.bxc3 O-O 7.Nf3 c5 8.Bd3 Ng6
9.h4 c4 10.Bxg6 fxg6 11.h5 Qe8 12.h6 gxh6 13.Bxh6 Rf5 14.Ng5 Qe7 15.Qd2 Nd7
16.g4 Rxg5 17.Bxg5 Qf7 18.Rh3 Nf8 19.Ke2 b5 20.Rah1 a5 21.Rf1 Qe8 22.Bh6 Nd7
23.Bg7  1-0

[Event "Inautomarket Open"]
[Site "Minsk BLR"]
[Date "2008.07.14"]
[Round "5"]
[White "Fedoseev,Vl3"]
[Black "Mihajlovskij,S"]
[Result "0-1"]
[WhiteElo "2321"]
[BlackElo "2484"]

1.e4 e6 2.d4 d5 3.Nc3 Bb4 4.e5 Qd7 5.h4 b6 6.Rh3 Ba6 7.a3 Bf8 8.Bxa6 Nxa6
9.Qd3 Nb8 10.b4 c5 11.b5 cxd4 12.Qxd4 Ne7 13.Qd3 Qc7 14.f4 h5 15.Nf3 Nd7
16.Nd4 g6 17.Bb2 Rc8 18.O-O-O Bh6 19.Nde2 Nxe5 20.Qd4 Nf5 21.Qa4 O-O 22.Kb1 Nc4
23.Bc1 Bg7 24.Rg1 d4 25.Ne4 Nce3 26.Bxe3 dxe3 27.g4 hxg4 28.Rxg4 Rfd8 29.Rg1 Qc4
30.Qxc4 Rxc4 31.N4g3 Nxg3 32.Nxg3 Rd5 33.Ne2 Rxb5+ 34.Kc1 Rb2 35.Rxe3 Rcxc2+
36.Kd1 Rxe2  0-1

[Event "XIII Open"]
[Site "Balaguer ESP"]
[Date "2008.07.17"]
[Round "4"]
[White "Corrales Jimenez,F"]
[Black "Sengupta,D"]
[Result "1-0"]
[WhiteElo "2504"]
[BlackElo "2454"]

1.e4 e6 2.d4 d5 3.Nc3 Bb4 4.e5 b6 5.a3 Bxc3+ 6.bxc3 Ba6 7.Qg4 Kf8 8.Bd3 c5
9.dxc5 Qc7 10.Nf3 Qxc5 11.O-O Ne7 12.a4 Qc8 13.Ba3 Nc6 14.h4 h6 15.h5 Qb7
16.c4 dxc4 17.Be4 Qc8 18.Qh4 Ke8 19.Nd4 Kd7 20.Nxc6 Nxc6 21.Rfd1+ Kc7 22.Bd6+ Kd7
23.Bb8+  1-0

[Event "ch-SUI"]
[Site "Samnaun SUI"]
[Date "2008.07.18"]
[Round "9"]
[White "Jenni,F"]
[Black "Huss,A"]
[Result "1-0"]
[WhiteElo "2544"]
[BlackElo "2378"]

1.e4 e6 2.d4 d5 3.Nc3 Bb4 4.e5 Qd7 5.Qg4 f5 6.Qg3 b6 7.Nh3 Ba6 8.Bxa6 Nxa6
9.Nf4 Kf7 10.h4 c5 11.O-O Bxc3 12.bxc3 Ne7 13.h5 h6 14.a4 Rhe8 15.Ba3 Rac8
16.Qd3 Qb7 17.Rfb1 cxd4 18.cxd4 Rc4 19.a5 b5 20.Bd6 Nc6 21.c3 b4 22.g4 Qc8
23.gxf5 Rxc3 24.fxe6+ Kg8 25.Qg6 Nxd4 26.Qf7+ Kh7 27.Nxd5 Nf3+ 28.Kh1 Rxe6
29.Bf8 Re7 30.Nf6+  1-0

[Event "XXVI Andorra Open"]
[Site "La Massana AND"]
[Date "2008.07.19"]
[Round "1"]
[White "Huerga Leache,M"]
[Black "Zamarbide Inarrea,D"]
[Result "1-0"]
[WhiteElo "2433"]
[BlackElo "2017"]

1.e4 e6 2.d4 d5 3.Nc3 Bb4 4.e5 Ne7 5.a3 Bxc3+ 6.bxc3 c5 7.Qg4 cxd4 8.Qxg7 Rg8
9.Qxh7 Qa5 10.Ne2 dxc3 11.f4 Nbc6 12.Qd3 d4 13.Nxd4 Nxd4 14.Qxd4 Nd5 15.h4 Bd7
16.h5 O-O-O 17.h6 Bc6 18.h7 Rh8 19.Bd3 Kb8 20.Rh2 Qc7 21.a4 f5 22.exf6 e5
23.fxe5 Nxf6 24.Qf4 Nd5 25.Qg3 Rde8 26.Kf1 Rxe5 27.Kg1 Ka8 28.Bh6 Qe7 29.Qg8+  1-0

[Event "31st Taminco Open"]
[Site "Ghent BEL"]
[Date "2008.07.20"]
[Round "4"]
[White "Michiels,B"]
[Black "Lee,GD"]
[Result "1/2-1/2"]
[WhiteElo "2442"]
[BlackElo "2269"]

1.e4 e6 2.d4 d5 3.Nc3 Bb4 4.e5 Qd7 5.Ne2 b6 6.Nf4 Ba6 7.Qg4 Bf8 8.Bxa6 Nxa6
9.Nh5 f5 10.exf6 Nxf6 11.Qe2 Nxh5 12.Qxh5+ Qf7 13.Qe2 Nb4 14.a3 Nc6 15.Nxd5 Nxd4
16.Qe4 O-O-O 17.Ne3 Kb8 18.O-O Ne2+ 19.Kh1 Rd4 20.Qf3 Qxf3 21.gxf3 Bd6  1/2-1/2

[Event "31st Taminco Open"]
[Site "Ghent BEL"]
[Date "2008.07.21"]
[Round "6"]
[White "Michiels,B"]
[Black "Wiley,To"]
[Result "1-0"]
[WhiteElo "2442"]
[BlackElo "2299"]

1.e4 e6 2.d4 d5 3.Nc3 Bb4 4.e5 b6 5.Qg4 Bf8 6.Bg5 Qd7 7.f4 Ba6 8.Nge2 h6
9.Bh4 Nc6 10.O-O-O Nge7 11.Qh3 Ng6 12.g4 Nxh4 13.Qxh4 Be7 14.Qf2 Bb4 15.Qf3 Bxc3
16.Qxc3 Ne7 17.Ng3 Bxf1 18.Rhxf1 g6 19.f5 O-O-O 20.fxg6 fxg6 21.Qa3 Kb8 22.Rf7 Rde8
23.Rdf1 Qd8 24.R1f6 Nc6 25.Qc3 Kb7 26.Rxg6 Qh4 27.Nf5  1-0

[Event "19th Czech Chladek & Tintera A Open"]
[Site "Pardubice CZE"]
[Date "2008.07.21"]
[Round "4"]
[White "Ozolin,M"]
[Black "Spence,D"]
[Result "1-0"]
[WhiteElo "2367"]
[BlackElo "2221"]

1.e4 e6 2.d4 d5 3.Nc3 Bb4 4.e5 Qd7 5.a3 Bxc3+ 6.bxc3 b6 7.Qg4 f5 8.Qg3 Bb7
9.Ne2 Nc6 10.Nf4 O-O-O 11.h4 Nh6 12.a4 Na5 13.Bb5 Bc6 14.Be2 Rhg8 15.Ba3 Nf7
16.h5 Rde8 17.Bb4 Nc4 18.a5 Bb5 19.Bd3 Nd8 20.Qg5 Kb7 21.g4 Nf7 22.Qh4 g5
23.hxg6 hxg6 24.Qf6 g5 25.Ng6 Nd8 26.gxf5 Rg7 27.Nf8 Rxf8 28.Qxf8 Rf7 29.Qg8 Rg7
30.Qh8 exf5 31.axb6 axb6 32.Rh6 Ba6 33.e6 Nxe6 34.Bxf5 Qb5 35.Bxe6 Ne3 36.Bc8+  1-0

[Event "31st Taminco Open"]
[Site "Ghent BEL"]
[Date "2008.07.22"]
[Round "8"]
[White "Nieto,E"]
[Black "Sowray,P"]
[Result "0-1"]
[WhiteElo "2238"]
[BlackElo "2327"]

1.e4 e6 2.d4 d5 3.Nc3 Bb4 4.e5 b6 5.Qg4 Bf8 6.Nh3 Qd7 7.Nf4 Nh6 8.Qd1 Nc6
9.g4 f6 10.Bg2 Bb7 11.exf6 gxf6 12.Nh5 Qe7 13.Be3 O-O-O 14.Qe2 Na5 15.O-O-O Nc4
16.Nb1 Rg8 17.h3 f5 18.Bf4 fxg4 19.hxg4 Kb8 20.g5 Nf7 21.Nf6 Rg7 22.Rxh7 Rxh7
23.Nxh7 Bg7 24.b3 Ncd6 25.g6 Rh8 26.Rh1 Nd8 27.Be5 Nc6 28.c3 Nxe5 29.dxe5 Nf5
30.Kb2 Qe8 31.Qg4 Bxe5 32.Re1 Bg7 33.Ng5 Qxg6 34.Rxe6 Bf6 35.f4 Bc8 36.Bxd5 Ne3  0-1